00944nam a2200277 i 450000100060000000300090000600500170001500700030003200800410003502000180007608000230009408000210011710000300013824500690016825000120023726000370024930000220028649000170030850400320032560000530035765100590041083000250046985200330049499900170052795201220054491956ES-MaACL20230906180849.0t|050310s2003 sp ||||1| spa d a84-8460-301-6 a929 Negrín, Juan a94(460)"1931/39"1 aMiralles, Ricardo.98149010aJuan Negrín b: la República en guerra / cRicardo Miralles. a1ª ed. aMadrid : bTemas de Hoy, c2003. a423 p. ; c24 cm.1 aBiografías aBibliografía: p. 415-416.14aNegrín, Juan,d1892-1956-xBiografías985308 4aEspaña-xHistoria-y1931-1939, II República.982830 aBiografías9180531 aES-MaACLjL-29020 bR.135546 c91956d91956 00104070aATENEOMbATENEOMcDEPO2d2008-01-17eSCl0oL-29020p1096014r2023-02-23 00:00:00w2023-02-23yMONOGRAFIA